|
|
|
|
| LEADER |
00000cam a2200000 7i4500 |
| 001 |
0000000566 |
| 005 |
20230710.0 |
| 008 |
991124 nyu eng |
| 020 |
|
|
|a 0070220484 (pbk)
|
| 040 |
|
|
|a INS
|
| 090 |
0 |
0 |
|a RG571
|b .F73 1983
|
| 100 |
1 |
|
|a Freeman, Roger K.
|
| 245 |
1 |
0 |
|a Safe delivery :
|b Protecting your baby during high risk pregnancy
|c Roger K. Freeman and Susan C. Pescar
|
| 260 |
|
|
|a New York :
|b McGraw-Hill Book Company ,
|c 1983
|
| 300 |
|
|
|a 314 p. :
|b ill. ;
|c 23 cm.
|
| 504 |
|
|
|a Includes bibliographical references and index
|
| 650 |
|
0 |
|a Pregnancy, Complications of
|
| 700 |
1 |
|
|a Pescar, Susan C.
|
| 999 |
|
|
|a 0000002204
|b BOOK
|c Open Shelf
|e Default branch
|